Australian sources of supply of mineral fillers for the rubber industry (Record no. 54601)

MARC details
000 -LEADER
fixed length control field 00396nam a2200145Ia 4500
100 ## - MAIN ENTRY--AUTHOR NAME
Personal name Whitworth H F
245 #0 - TITLE STATEMENT
Title Australian sources of supply of mineral fillers for the rubber industry
260 ## - PUBLICATION, DISTRIBUTION, ETC. (IMPRINT)
Name of publisher IRI Transactions
Year of publication 1946
300 ## - PHYSICAL DESCRIPTION
Number of Pages 25-30
650 ## - SUBJECT ADDED ENTRY--TOPICAL TERM
Topical Term Australia
650 ## - SUBJECT ADDED ENTRY--TOPICAL TERM
Topical Term Mineral fillers
650 ## - SUBJECT ADDED ENTRY--TOPICAL TERM
Topical Term Rubber industry
942 ## - ADDED ENTRY ELEMENTS (KOHA)
Koha item type Journals
Holdings
Withdrawn status Lost status Damaged status Not for loan Home library Current library Shelving location Date acquired Serial Enumeration / chronology Koha item type
      Journals RRII Library RRII Library Rubber chemistry 17/12/2021 Volume 22, Issue 1 Journals